000 005000000a22001810004500
020 _a0-87784-583-2
041 0 _aENG
082 0 4 _aG 809 R993t
100 1 _aRyken, Leland
245 1 0 _aTriumphs of the imagination : Literature in christian perspective / Leland Ryken
260 _aDwoners Grove, ILL., USA : InterVarsity
300 _a262 Pag
001 10760
942 _cBK
999 _c40210
_d40210
336 _atexto
_btxt
_2rdacontent
337 _2rdamedia
_asin mediación
_bn
338 _2rdacarrier
_avolumen
_bnc